000 01074nam a2200313Ia 4500
003 OSt
005 20221007124510.0
006 a|||||r|||| 00| 0
007 ta
008 221006b |||||||| |||| 00| 0 eng d
020 _a9788126528455 (pbk)
_c795
024 _a190294
037 _b3523, 14/03/2014, Educational Book Agency (India)
_cTextbook
040 _aCDL
_cCDL
_beng
041 _2eng
_aeng
082 _aE:218, P0;25 Carc
100 _aFiggis Brian N
245 0 _aLigand field theory and its applications
_b Hitchman Michael A
260 _aNew
_bDelhi Wiley
_c2000
300 _axviii, 354p.
_ccm.
490 _aSpecial topics in organic chemistry
500 _aAppendix A1- A-9 325-339p.; Index 345-354p.
650 _a Angular overlap model
_9719432
650 _a Ligang Field theory
_9719433
650 _aChemistry
700 _a Hitchman Michael A
942 _hE:218, P0;25 Carc
_cTB
_2CC
999 _c1213633
_d1213633